00417nam a2200109Ia 4500008004100000050002400041100003000065245006600095260008600161300003300247521002700280140724s9999 xx 000 0 und d aT 58.5b.Sa165 2011 aSalibio, Mark Jonathan R. aTrip order request queing system /cMark Jonathan R. Salibio. aLas Piñas, Philippines :bSouthville International School and Colleges,cc2011. a47 p. :bcol. Ill. ;c28 cm. aInformation Technology